000 00737nam a2200241Ia 4500
003 OSt
005 20221005103150.0
006 a|||||r|||| 00| 0
007 ta
008 221004b |||||||| |||| 00| 0 hin d
024 _a64375
037 _cTextual
040 _aCRL
_cCRL
_bhin
041 _2hin
_ahin
082 _aV28252.M84<--D, 152A;M6.2
100 _aश्यामलदास
245 0 _aवीर विनोद
246 _aVīr vinoda
260 _aउदयपुर
_bराज्यम्त्रानय
_c1886
650 _aविश्व-इतिहास
942 _hV28252.M84<--D, 152A;M6.2
_cTEXL
_2cc
999 _c1009532
_d1009532